| 000 | 00590nam a2200205 u 4500 | ||
|---|---|---|---|
| 005 | 20240925065327.0 | ||
| 008 | 090623s2006 r 000 0 eng d | ||
| 020 | _a9871004192 | ||
| 035 | _aUPN01000171389 | ||
| 049 | _aCG | ||
| 050 | 4 |
_aP99 _bZ4.2 |
|
| 100 | 1 | _aZecchetto, Victorino | |
| 245 | 1 | 3 |
_aLa danza de los signos : _bnociones de semiótica general / _cVictorino Zecchetto. |
| 260 |
_aBuenos Aires : _bLa Crujía, _c2006. |
||
| 300 | _a360 p. | ||
| 440 | 0 |
_aInclusiones. _pCategorías |
|
| 650 | 7 |
_aSemiótica _2 _96046 |
|
| 650 | 4 |
_aSignos y símbolos _96045 |
|
| 905 | _aLibro | ||
| 999 |
_c143494 _d143494 |
||